MACÁK, Jaroslav výtvarný fotograf, typograf (28. 4. 1900 Praha - 20. 12. 1981 tamže)

Bibliographic Details
Format: Article
Language:Slovak
ISBN:8070900709 viaz
Subjects:

MARC

LEADER 00000naa a2200000uu 4500
001 vtls010921059
003 SK-MaSNL
005 20260302140814.0
008 220808|1990 xo |||||||||||||||||slo|
015 |a SNBRA 
035 |a (urnnbn)urn:nbn:sk:snk:ar-a0czwy 
035 |a (uuid)9da025e4-8ce1-46a7-bcb7-d9a32e5b8ede 
035 |a urn:nbn:sk:snk-aatomf 
040 |a SNKBUCL  |b slo  |c SNKBUCL  |e AACR2 
041 0 |a slo 
044 |a xo  |c SK 
245 0 0 |a MACÁK, Jaroslav  |b výtvarný fotograf, typograf (28. 4. 1900 Praha - 20. 12. 1981 tamže) 
600 1 7 |a Macák, Jaroslav,  |d 1900-1981  |2 SNKMA  |9 198553 
655 7 |a biografické heslá  |2 SNKPH  |9 368942 
773 0 |t Slovenský biografický slovník : (od roku 833 do roku 1990). IV. zväzok, M-Q  |d Martin : Matica slovenská, 1990  |g S. 6  |z 8070900709 viaz 
954 |a odborná, vedecká literatúra pôvodná (slovenská)  |2 lita 
958 |a BX 
958 |a OND 
958 |a chapter 
958 |a article25 
999 |c 1332521  |d 1334451